| 000 | 00939nam a22002657a 4500 | ||
|---|---|---|---|
| 001 | 38634 | ||
| 003 | UA-OsUOA | ||
| 005 | 20220205201730.0 | ||
| 007 | ta | ||
| 008 | 20080131b un ||||| |||| 00| 0 ukr d | ||
| 040 |
_aUA-OsUOA _bukr _cUA-OsUOA _dUA-OsUOA |
||
| 041 | _aukr | ||
| 080 | _a281.9 | ||
| 090 |
_a281.9 _bС13 |
||
| 100 | _aСавчук С. | ||
| 245 |
_aІсторія Української Греко-Православної Церкви в Канаді _cСавчук С., Мулик-Луцик Ю. |
||
| 260 |
_aВінніпег _c1985 |
||
| 300 | _a784 с. | ||
| 505 |
_gт. 2 _tПеріод зародження ідеї оснування Української греко-православної церкви в Канаді |
||
| 650 | 7 | _2UDC | |
| 942 |
_cBK _2udc |
||
| 955 | _a1 | ||
| 999 |
_c437143 _d437143 |
||